उत्तर आधुनिकतावाद की ओर / (Record no. 111792)

MARC details
000 -LEADER
fixed length control field 01178nam a22002777a 4500
003 - CONTROL NUMBER IDENTIFIER
control field dpl
005 - DATE AND TIME OF LATEST TRANSACTION
control field 20180808155926.0
008 - FIXED-LENGTH DATA ELEMENTS--GENERAL INFORMATION
fixed length control field 180808b xxu||||| |||| 00| 0 eng d
010 ## - LIBRARY OF CONGRESS CONTROL NUMBER
LC control number B-184867
020 ## - INTERNATIONAL STANDARD BOOK NUMBER
Terms of availability 00.00
International Standard Book Number 8188118788
035 ## - SYSTEM CONTROL NUMBER
System control number B-184867, B-184868
037 ## - SOURCE OF ACQUISITION
Source of stock number/acquisition Cen Lib/Ret
040 ## - CATALOGING SOURCE
Original cataloging agency DPL
Language of cataloging HN
Transcribing agency 0
082 ## - DEWEY DECIMAL CLASSIFICATION NUMBER
Classification number 824
Item number पालीवा
100 ## - MAIN ENTRY--PERSONAL NAME
Personal name पालीवाल, कृष्णदत्त
9 (RLIN) 44529
245 ## - TITLE STATEMENT
Title उत्तर आधुनिकतावाद की ओर /
Statement of responsibility, etc कृष्णदत्त पालीवाल
246 ## - VARYING FORM OF TITLE
Title proper/short title Uttar adhuniktavad ki or /
Remainder of title by Krshnadutt Paliwal
260 ## - PUBLICATION, DISTRIBUTION, ETC. (IMPRINT)
Place of publication, distribution, etc दिल्ली
Name of publisher, distributor, etc आर्य प्रकाशन मंडल
Date of publication, distribution, etc 2005
270 ## - ADDRESS
City दिल्ली
Address IX/221, सरस्वती भंडार, गांधीनगर
Postal code 110031
300 ## - PHYSICAL DESCRIPTION
Extent 316पृ.
Dimensions 21सेमी(सजिल्द)
650 ## - SUBJECT ADDED ENTRY--TOPICAL TERM
Topical term or geographic name as entry element आधुनिकतावाद -- इतिहास
9 (RLIN) 5755
650 ## - SUBJECT ADDED ENTRY--TOPICAL TERM
Topical term or geographic name as entry element आधुनिकतावाद
9 (RLIN) 44530
650 ## - SUBJECT ADDED ENTRY--TOPICAL TERM
Topical term or geographic name as entry element Modernism -- history
9 (RLIN) 44531
650 ## - SUBJECT ADDED ENTRY--TOPICAL TERM
Topical term or geographic name as entry element Modernism
9 (RLIN) 44532
942 ## - ADDED ENTRY ELEMENTS (KOHA)
Source of classification or shelving scheme Dewey Decimal Classification
Koha item type Hindi Books
Classification part 824
Call number suffix पालीवा
Holdings
Withdrawn status Lost status Damaged status Not for loan Home library Current library Date acquired Source of acquisition Cost, normal purchase price Total Checkouts Full call number Barcode Date last seen Date checked out Copy number Cost, replacement price Price effective from Koha item type Source of classification or shelving scheme Collection code
        Central Library Central Library 05/08/2015 Cen Lib/Ret 0.00 1 824 पालीवा B-184867 31/05/2018 22/05/2018 1 0.00 05/08/2015 Hindi Books    
        Patel Nagar Patel Nagar 08/08/2018 BPPD/PUB 350.00   824 पालीवा B-184868 08/08/2018     350.00 08/08/2018 Hindi Books Dewey Decimal Classification  
        Sarojini Nagar Sarojini Nagar 26/07/2018       824 पालीवा B-184869 26/07/2018       26/07/2018 Hindi Books Dewey Decimal Classification Non-fiction

© Delhi Public Library
Hit Counter
free hit counter